000 00726nam a22002297a 4500
005 20170828163734.0
010 _aB-59597
020 _c00.00
035 _aB-059597
037 _bCen Lib/Ret
082 _a020.3
100 _aSharma, C. K.
245 _aDictionary of library, information science and network /
_cby C. K. Sharma
260 _aNew Delhi
_bJBD Book Distributor
_c2002
270 _a10149, KCP, Model Basti
_bNew Delhi
_e110005
300 _a244p.
_c22cm(Hb)
650 _aLibraray Science
650 _aLibrary network
650 _aपुस्तकालय विज्ञान
650 _aपुस्तकालय नेटवर्क
942 _2ddc
_cEN
_h020.3
_mSHA
999 _c122618
_d122618